| 000 | 00809nam a22002297a 4500 | ||
|---|---|---|---|
| 003 | LK-CoDNM | ||
| 005 | 20241014111045.0 | ||
| 008 | 241014b |||||||| |||| 00| 0 eng d | ||
| 040 |
_aLK-CoDNM _dLK-CoDNM _eLK-CoDNM |
||
| 041 | _asin | ||
| 080 |
_aප්ර.ක _b58 |
||
| 100 | _aරත්න හෙට්ටිආරච්චි | ||
| 245 |
_aක්රීඩා මාසික සගරාව - 1962 _b1 කාණ්ඩය 1 කලාපය |
||
| 260 |
_c1962 _bමහා තැපැල් හලේ |
||
| 300 | _b22p. ; 26 cm | ||
| 650 | _aක්රීඩා මාසික සගරාව - 1962 | ||
| 650 | _aරත්න හෙට්ටිආරච්චි | ||
| 650 | _a1 කාණ්ඩය 1 කලාපය | ||
| 650 | _a1962 | ||
| 650 | _aප්ර.ක 58 | ||
| 942 | _cBK | ||
| 999 |
_c219192 _d219192 |
||